[Event "12th ChessMates International, York"]
[Site "York Guildhall"]
[Date "2025.03.22"]
[Round "3.21"]
[White "Rohde, Niclas"]
[Black "Rich, Aaron"]
[Result "1/2-1/2"]
[WhiteElo "2147"]
[BlackElo "1918"]
[PlyCount "60"]
[EventDate "2025.??.??"]
[WhiteTeam "LSJ Sachsen-Anhalt"]
[BlackTeam "Yorkshire"]

1. e4 c5 2. Nf3 Nc6 3. Nc3 g6 4. d4 cxd4 5. Nxd4 Bg7 6. Be3 Nf6 7. Nxc6 bxc6 8.
e5 Ng8 9. Bd4 Qa5 10. f4 Nh6 11. e6 f6 12. exd7+ Bxd7 13. Qd2 Rd8 14. Qf2 Ng4
15. Qg1 Qb4 16. O-O-O Rb8 17. Ne2 Bh6 18. h3 Ne5 19. Bc3 Qa4 20. Kb1 Nc4 21.
Nd4 Na3+ 22. Ka1 Nxc2+ 23. Nxc2 Be6 24. Bc4 Qxc4 25. Qxa7 Kf7 26. Rd4 Rb7 27.
Qa3 Qe2 28. Rd2 Qc4 29. Rd4 Qe2 30. Rd2 Qc4 1/2-1/2

[Event "12th ChessMates International, York"]
[Site "York Guildhall"]
[Date "2025.03.22"]
[Round "3.22"]
[White "Pitel, Benedikt"]
[Black "Haubold, Sebastian"]
[Result "0-1"]
[WhiteElo "1827"]
[BlackElo "2151"]
[PlyCount "74"]
[EventDate "2025.??.??"]
[WhiteTeam "Yorkshire"]
[BlackTeam "LSJ Sachsen-Anhalt"]

1. e4 e5 2. Nf3 Nc6 3. d4 exd4 4. Nxd4 Bc5 5. Nb3 Bb6 6. Nc3 d6 7. Qe2 Nge7 8.
Be3 O-O 9. O-O-O f5 10. Bxb6 axb6 11. a3 fxe4 12. Nxe4 Ne5 13. h3 N7c6 14. Qe3
Qe7 15. Nc3 Qf7 16. Nb5 Be6 17. f4 Nc4 18. Qf2 Rac8 19. g3 Qf6 20. N3d4 Bd5 21.
Bg2 Bxg2 22. Qxg2 Ne3 23. Qe4 Nxd1 24. Rxd1 Rfe8 25. Qd5+ Qf7 26. Qf3 Qc4 27.
Nxc6 bxc6 28. Na7 Re2 29. Qd3 Qxd3 30. Rxd3 Rce8 31. Nxc6 Rh2 32. h4 Re1+ 33.
Rd1 Ree2 34. Nd4 Reg2 35. Rd3 c5 36. Nf5 Rxc2+ 37. Kd1 Rxb2 0-1

[Event "12th ChessMates International, York"]
[Site "York Guildhall"]
[Date "2025.03.22"]
[Round "3.23"]
[White "Herter, Arne"]
[Black "Quaite, Toby"]
[Result "1-0"]
[WhiteElo "2073"]
[BlackElo "1905"]
[PlyCount "82"]
[EventDate "2025.??.??"]
[WhiteTeam "LSJ Sachsen-Anhalt"]
[BlackTeam "Yorkshire"]

1. e4 Nf6 2. e5 Nd5 3. d4 d6 4. c4 Nb6 5. f4 dxe5 6. fxe5 Nc6 7. Be3 Bf5 8. Nc3
e6 9. Nf3 Be7 10. Be2 O-O 11. O-O f6 12. exf6 Bxf6 13. Qd2 Qe7 14. Rad1 Rad8
15. Qc1 e5 16. d5 Nd4 17. Bxd4 exd4 18. Nxd4 Qc5 19. Qd2 Bc2 20. Qxc2 Bxd4+ 21.
Kh1 Bxc3 22. Qxc3 Qe7 23. Bg4 c6 24. dxc6 bxc6 25. b3 Qa3 26. c5 Rxf1+ 27. Rxf1
Nd5 28. Be6+ Kh8 29. Bxd5 cxd5 30. c6 Qd6 31. c7 Rc8 32. Rf7 d4 33. Qg3 Qxg3
34. hxg3 h6 35. Kg1 Kh7 36. Kf2 Kg6 37. Rd7 Kf6 38. Ke2 g5 39. Rd6+ Ke5 40. Rc6
Ke4 41. Rc4 Kd5 1-0

[Event "12th ChessMates International, York"]
[Site "York Guildhall"]
[Date "2025.03.22"]
[Round "3.24"]
[White "Wainwright, Charlie"]
[Black "Petzold, Johannes Julius"]
[Result "0-1"]
[WhiteElo "1783"]
[BlackElo "1889"]
[PlyCount "136"]
[EventDate "2025.??.??"]
[WhiteTeam "Yorkshire"]
[BlackTeam "LSJ Sachsen-Anhalt"]

1. d4 Nf6 2. c4 g6 3. Nc3 Bg7 4. e4 d6 5. Nf3 O-O 6. Be2 e5 7. Be3 Nc6 8. d5
Ne7 9. h3 Ne8 10. g4 c6 11. Bd3 Qa5 12. Bd2 Qc7 13. Rc1 Nf6 14. Be3 Bd7 15. Nd2
h5 16. f3 Kh7 17. Qe2 a6 18. Rc2 Rh8 19. Kf2 Kg8 20. Kg2 Rc8 21. Qf2 c5 22. b3
Ne8 23. Qg3 f6 24. a4 Kf7 25. Rh2 Bh6 26. Bxh6 Rxh6 27. g5 h4 28. Qe1 fxg5 29.
Qe3 Rh5 30. Rc1 Nf6 31. Nd1 Rf8 32. Nf2 Qc8 33. Be2 Ke8 34. Ng4 Rhh8 35. Qxg5
Nh5 36. Qe3 Nf4+ 37. Kh1 Ng8 38. Nf1 Nf6 39. Qg1 N6h5 40. Rc2 Nxe2 41. Rcxe2
Rxf3 42. Ref2 Rxf2 43. Rxf2 Bxg4 44. Qxg4 Qxg4 45. hxg4 Ng3+ 46. Kh2 Nxe4 47.
Rf3 Rf8 48. Rxf8+ Kxf8 49. Kh3 g5 50. Ne3 Kf7 51. Nf5 Kf6 52. Kg2 b6 53. Kh3
Kf7 54. Kg2 Ke8 55. Kf3 Nd2+ 56. Kg2 Kd7 57. Nh6 Nxb3 58. Nf7 Nd2 59. Nxg5 Nxc4
60. Kf3 b5 61. axb5 axb5 62. Ne4 b4 63. g5 Ke7 64. g6 b3 65. Kg4 b2 66. Nc3 Kf6
67. Kh5 Kg7 68. Kg5 h3 0-1

[Event "12th ChessMates International, York"]
[Site "York Guildhall"]
[Date "2025.03.22"]
[Round "3.25"]
[White "Noennig, Jakob"]
[Black "Ganti, Shriaansh"]
[Result "1-0"]
[WhiteElo "2030"]
[BlackElo "1980"]
[PlyCount "135"]
[EventDate "2025.??.??"]
[WhiteTeam "LSJ Sachsen-Anhalt"]
[BlackTeam "Yorkshire"]

1. e4 c5 2. Nf3 Nc6 3. d4 cxd4 4. Nxd4 Nf6 5. Nc3 e5 6. Ndb5 d6 7. Bg5 a6 8.
Na3 b5 9. Bxf6 gxf6 10. Nd5 f5 11. c3 Bg7 12. exf5 Bxf5 13. Nc2 O-O 14. Nce3
Be6 15. Bd3 f5 16. O-O Ra7 17. a4 bxa4 18. Rxa4 h6 19. f4 e4 20. Rxa6 Rxa6 21.
Bxa6 Kh7 22. Qd2 Qb8 23. Bc4 Na5 24. Ba2 Nb3 25. Qf2 Nc5 26. Bc4 Qb7 27. Rd1
Kh8 28. Kh1 Rc8 29. Qe2 Qf7 30. Qc2 Nd7 31. Qa4 Nc5 32. Qa3 Qb7 33. b4 Ra8 34.
Qb2 Na4 35. Qb3 Nb6 36. Nxb6 Qxb6 37. Bxe6 Qxe3 38. Qd5 Rf8 39. Qxd6 Qxc3 40.
Qc5 Qf6 41. Bc4 Re8 42. h3 Qh4 43. Qxf5 Qf2 44. Qg4 e3 45. Be2 Rg8 46. Rf1 Bd4
47. Rxf2 Rxg4 48. Bxg4 exf2 49. Be2 Kg7 50. g3 Kf6 51. Kg2 Kf5 52. Kf3 Bb6 53.
g4+ Kf6 54. Ke4 Ke6 55. Bc4+ Kf6 56. b5 Kg6 57. Ke5 Bc7+ 58. Ke4 Bb6 59. Kf3
Kf6 60. h4 Kg6 61. Bd3+ Kf6 62. g5+ Kg7 63. f5 Bd8 64. Kg4 Kf7 65. Bc4+ Kg7 66.
f6+ Kf8 67. Kf5 Bc7 68. g6 1-0

[Event "12th ChessMates International, York"]
[Site "York Guildhall"]
[Date "2025.03.22"]
[Round "3.26"]
[White "Burke, Alex"]
[Black "Haubold, Christian"]
[Result "1/2-1/2"]
[WhiteElo "1816"]
[BlackElo "2034"]
[PlyCount "44"]
[EventDate "2025.??.??"]
[WhiteTeam "Yorkshire"]
[BlackTeam "LSJ Sachsen-Anhalt"]

1. e4 e5 2. Nf3 Nc6 3. Bb5 a6 4. Ba4 Nf6 5. O-O Be7 6. Bxc6 dxc6 7. d3 Bd6 8.
Nbd2 Bg4 9. d4 Nd7 10. h3 Bh5 11. Nc4 Bxf3 12. Qxf3 Qe7 13. c3 g6 14. Re1 f6
15. Bd2 O-O 16. Qg4 Qf7 17. Na5 Rab8 18. Bh6 Rfe8 19. a3 Qe6 20. Qxe6+ Rxe6 21.
Bd2 Kf7 22. b4 Bf8 1/2-1/2

[Event "12th ChessMates International, York"]
[Site "York Guildhall"]
[Date "2025.03.22"]
[Round "3.27"]
[White "Polzin, Gustav"]
[Black "Madzia, Nathan"]
[Result "1-0"]
[WhiteElo "1965"]
[BlackElo "1867"]
[PlyCount "119"]
[EventDate "2025.??.??"]
[WhiteTeam "LSJ Sachsen-Anhalt"]
[BlackTeam "Yorkshire"]

1. e4 c5 2. Nc3 Nc6 3. Bb5 Nd4 4. Nf3 a6 5. Bc4 b5 6. Bd5 Rb8 7. Nxd4 cxd4 8.
Ne2 Nf6 9. O-O e6 10. Bb3 Nxe4 11. d3 Nc5 12. Bf4 d6 13. Nxd4 Bb7 14. Qg4 h5
15. Qg3 Be7 16. Rae1 g5 17. Bd2 Nxb3 18. axb3 Kd7 19. c4 Bf6 20. Ne2 g4 21. d4
h4 22. Qf4 Qe7 23. Nc3 Rbg8 24. d5 Be5 25. Rxe5 dxe5 26. Qe3 f6 27. Qb6 Ke8 28.
Ne4 Rg7 29. Be3 Kf7 30. d6 Qd7 31. Nc5 Qc6 32. Qxb7+ Qxb7 33. Nxb7 Kg6 34. Nc5
Kf5 35. Rd1 bxc4 36. bxc4 g3 37. fxg3 hxg3 38. h3 a5 39. d7 Rd8 40. Rf1+ Kg6
41. Nxe6 Rgxd7 42. Nxd8 Rxd8 43. Re1 f5 44. Kf1 f4 45. Bb6 Re8 46. Ke2 Rb8 47.
c5 Kf5 48. Ra1 a4 49. Rxa4 e4 50. b4 Re8 51. c6 f3+ 52. gxf3 e3 53. c7 g2 54.
Ra1 Kf4 55. Bc5 Kg3 56. Bd6+ Kxh3 57. b5 Rg8 58. b6 g1=Q 59. Rxg1 Rg3 60. c8=Q+
1-0

[Event "12th ChessMates International, York"]
[Site "York Guildhall"]
[Date "2025.03.22"]
[Round "3.29"]
[White "Belin, Anton"]
[Black "Woozeer, Seth"]
[Result "1-0"]
[WhiteElo "2035"]
[BlackElo "1730"]
[PlyCount "85"]
[EventDate "2025.??.??"]
[WhiteTeam "LSJ Sachsen-Anhalt"]
[BlackTeam "Yorkshire"]

1. e4 c5 2. Nf3 Nc6 3. d4 cxd4 4. Nxd4 g6 5. Nc3 Bg7 6. Be3 Nf6 7. Nxc6 bxc6 8.
e5 Ng8 9. Bd4 Nh6 10. e6 O-O 11. Bxg7 Kxg7 12. exd7 Bxd7 13. Qd4+ Kg8 14. O-O-O
Bg4 15. Be2 Qxd4 16. Rxd4 Be6 17. Rhd1 Nf5 18. Ra4 Kg7 19. Bf3 Rfc8 20. Ra6 Nh4
21. Bxc6 Rab8 22. Bd7 Rc7 23. Bxe6 fxe6 24. Rxe6 Rbb7 25. g3 Nf5 26. f4 Kf7 27.
Re5 Rd7 28. Rxd7 Rxd7 29. Ne4 Nd6 30. Nxd6+ Rxd6 31. c4 Rc6 32. c5 e6 33. b4 a6
34. a4 Ke7 35. b5 axb5 36. axb5 Rc7 37. b6 Rb7 38. Kc2 Kd7 39. Kb3 Kc6 40. Kc4
Re7 41. g4 h5 42. f5 gxf5 43. gxf5 1-0

[Event "12th ChessMates International, York"]
[Site "York Guildhall"]
[Date "2025.03.22"]
[Round "3.30"]
[White "Singh, Adamjeet"]
[Black "Noennig, Lotte"]
[Result "0-1"]
[WhiteElo "1544"]
[BlackElo "1633"]
[PlyCount "52"]
[EventDate "2025.??.??"]
[WhiteTeam "Yorkshire"]
[BlackTeam "LSJ Sachsen-Anhalt"]

1. e4 e5 2. Nf3 Nc6 3. Bc4 Bc5 4. O-O Nf6 5. d3 h6 6. Nc3 O-O 7. Be3 Bb6 8.
Bxb6 axb6 9. a3 d6 10. h3 Be6 11. Nd5 Re8 12. Ne3 Ne7 13. Nd2 Ng6 14. Bxe6 fxe6
15. Ng4 Nf4 16. Kh2 Rf8 17. Nf3 Nxg4+ 18. hxg4 Qf6 19. Rh1 Qg6 20. Kg3 Nxg2 21.
Kxg2 Qxg4+ 22. Kf1 Rxf3 23. Qe2 Raf8 24. Rh2 Qg3 25. Rg2 Qh3 26. Kg1 R8f4 0-1

[Event "12th ChessMates International, York"]
[Site "York Guildhall"]
[Date "2025.03.22"]
[Round "3.31"]
[White "Marchix, Esteban"]
[Black "Van Batenburg, Mees"]
[Result "1-0"]
[WhiteElo "2170"]
[BlackElo "2228"]
[PlyCount "47"]
[EventDate "2025.??.??"]
[WhiteTeam "Monaco"]
[BlackTeam "Rotterdamse Schaakbond"]
[WhiteTeamCountry "MNC"]

1. e4 c5 2. Nf3 Nc6 3. d4 cxd4 4. Nxd4 Nf6 5. Nc3 e5 6. Ndb5 d6 7. Bg5 a6 8.
Na3 b5 9. Nab1 Be7 10. Bxf6 Bxf6 11. a4 Nd4 12. axb5 O-O 13. Bd3 Bg5 14. Nd5
Bb7 15. bxa6 Bxd5 16. exd5 Qb6 17. O-O Qxb2 18. Nd2 Bxd2 19. Qxd2 Nb3 20. Qb4
Rfb8 21. Rab1 Qa2 22. Qh4 e4 23. Qxe4 f5 24. Qe6+ 1-0

[Event "12th ChessMates International, York"]
[Site "York Guildhall"]
[Date "2025.03.22"]
[Round "3.32"]
[White "Aarts, Joaquin"]
[Black "Kien, Clovis"]
[Result "0-1"]
[WhiteElo "1983"]
[BlackElo "1861"]
[PlyCount "79"]
[EventDate "2025.??.??"]
[WhiteTeam "Rotterdamse Schaakbond"]
[BlackTeam "Monaco"]
[BlackTeamCountry "MNC"]

1. d4 Nf6 2. c4 g6 3. Nc3 Bg7 4. e4 d6 5. Be2 O-O 6. Be3 e5 7. d5 Na6 8. h4 Nc5
9. Qc2 Ng4 10. Bxg4 Bxg4 11. f3 Bd7 12. g4 f5 13. gxf5 gxf5 14. O-O-O fxe4 15.
Bg5 Qe8 16. Nxe4 b5 17. Ne2 Rxf3 18. Rhf1 Rxf1 19. Rxf1 Qg6 20. N2g3 Nxe4 21.
Nxe4 Rf8 22. Rxf8+ Kxf8 23. cxb5 Bf5 24. Qf2 Kg8 25. Ng3 Bg4 26. Kd2 Qb1 27.
Kc3 e4+ 28. Kb3 Qd3+ 29. Ka4 Qc4+ 30. Ka5 Bd4 31. Qd2 Qxa2+ 32. Kb4 Bc5+ 33.
Kc3 Qa5+ 34. Kc2 Qa4+ 35. Kb1 Qxb5 36. Nxe4 Bf5 37. Qc2 Qf1+ 38. Bc1 Qf3 39.
Ka2 Qxe4 40. Qb3 0-1

[Event "12th ChessMates International, York"]
[Site "York Guildhall"]
[Date "2025.03.22"]
[Round "3.33"]
[White "Brion Lacherest, Nathan"]
[Black "Wink, Luka"]
[Result "0-1"]
[WhiteElo "2037"]
[BlackElo "2147"]
[PlyCount "92"]
[EventDate "2025.??.??"]
[WhiteTeam "Monaco"]
[BlackTeam "Rotterdamse Schaakbond"]
[WhiteTeamCountry "MNC"]

1. e4 c5 2. Nf3 e6 3. d3 Nc6 4. g3 Nf6 5. Bg2 d6 6. O-O Be7 7. Re1 e5 8. a4 h6
9. c3 Bg4 10. Na3 Rc8 11. Nc4 O-O 12. Ne3 Be6 13. d4 cxd4 14. cxd4 exd4 15.
Nxd4 Nxd4 16. Qxd4 Nd7 17. Nd5 Ne5 18. Qxa7 Bxd5 19. exd5 Nd3 20. Be3 Nxe1 21.
Rxe1 Qd7 22. b3 Bf6 23. Bf1 Bc3 24. Rc1 Bb4 25. Rxc8 Rxc8 26. Ba6 Bc5 27. Bxc5
Rxc5 28. Qxb7 Qxb7 29. Bxb7 Rc1+ 30. Kg2 Rb1 31. a5 Rxb3 32. a6 Ra3 33. g4 g5
34. f3 Kf8 35. Kg3 Ke7 36. h4 Kd7 37. hxg5 hxg5 38. Kf2 Kc7 39. Ke2 Kb6 40. Bc8
Kc5 41. Bb7 Kd4 42. Kf2 Ra2+ 43. Kg3 Ke5 44. Bc8 Kxd5 45. Bb7+ Ke5 46. Kh3 d5
0-1

[Event "12th ChessMates International, York"]
[Site "York Guildhall"]
[Date "2025.03.22"]
[Round "3.34"]
[White "Lopes, Samuel"]
[Black "Berezovsky, Fiorina"]
[Result "1-0"]
[WhiteElo "2026"]
[BlackElo "1816"]
[PlyCount "71"]
[EventDate "2025.??.??"]
[WhiteTeam "Rotterdamse Schaakbond"]
[BlackTeam "Monaco"]
[BlackTeamCountry "MNC"]

1. e4 c5 2. Nc3 Nc6 3. g3 g6 4. Bg2 Bg7 5. d3 d6 6. f4 e6 7. Nf3 Nge7 8. O-O
O-O 9. Be3 Nd4 10. Rb1 Bd7 11. Ne2 Nxf3+ 12. Bxf3 Rc8 13. c3 e5 14. Qd2 Qc7 15.
g4 exf4 16. Bxf4 Be6 17. a3 Qd7 18. h3 f5 19. exf5 gxf5 20. g5 Ng6 21. Rf2 Nh4
22. Bh1 Kh8 23. Bg3 Ng6 24. Nf4 Nxf4 25. Bxf4 b5 26. h4 Be5 27. Bxe5+ dxe5 28.
Qe3 Qc7 29. Re1 e4 30. dxe4 fxe4 31. Bxe4 Bg4 32. Bg2 Rfe8 33. Qxe8+ Rxe8 34.
Rxe8+ Kg7 35. Bd5 Bh5 36. Rg8# 1-0

[Event "12th ChessMates International, York"]
[Site "York Guildhall"]
[Date "2025.03.22"]
[Round "3.35"]
[White "Spinosi, Aurelien"]
[Black "Terlouw, Wouter"]
[Result "1/2-1/2"]
[WhiteElo "1976"]
[BlackElo "2092"]
[PlyCount "91"]
[EventDate "2025.??.??"]
[WhiteTeam "Monaco"]
[BlackTeam "Rotterdamse Schaakbond"]
[WhiteTeamCountry "MNC"]

1. e4 c5 2. Nf3 Nc6 3. d4 cxd4 4. Nxd4 Nf6 5. Nc3 e5 6. Ndb5 d6 7. Bg5 a6 8.
Na3 b5 9. Nab1 Be7 10. Bxf6 Bxf6 11. a4 Nd4 12. Bd3 Rb8 13. O-O O-O 14. Nd5
bxa4 15. Rxa4 Rxb2 16. Nbc3 Ne6 17. Ra3 Rb8 18. Bxa6 Ra8 19. Qa1 Nd4 20. Bd3
Rb8 21. Rb1 Rxb1+ 22. Qxb1 Bh4 23. Ne2 Nxe2+ 24. Bxe2 f5 25. exf5 Bxf5 26. f3
Qc8 27. Rc3 Qa8 28. Bc4 Kh8 29. Qa2 Qd8 30. Qa7 Qg5 31. Qe3 Qg6 32. Bd3 Ra8 33.
g4 Bg5 34. Qe2 Bxd3 35. Qxd3 Qf7 36. Nc7 Ra1+ 37. Kg2 h5 38. Qf5 Qxf5 39. gxf5
Re1 40. Ne6 Bf4 41. Rc8+ Kh7 42. Nf8+ Kh6 43. Ne6 Kh7 44. Nf8+ Kh6 45. Ne6 Kh7
46. Nf8+ 1/2-1/2

[Event "12th ChessMates International, York"]
[Site "York Guildhall"]
[Date "2025.03.22"]
[Round "3.36"]
[White "Westerhof, Fleur"]
[Black "Marchix, Timeo"]
[Result "1-0"]
[WhiteElo "1957"]
[BlackElo "1603"]
[PlyCount "73"]
[EventDate "2025.??.??"]
[WhiteTeam "Rotterdamse Schaakbond"]
[BlackTeam "Monaco"]
[BlackTeamCountry "MNC"]

1. e4 e5 2. Nf3 Nc6 3. Bc4 Be7 4. c3 Nf6 5. d3 O-O 6. O-O d6 7. h3 Be6 8. Bb3
Na5 9. Bc2 c5 10. Ng5 Bd7 11. f4 h6 12. Nf3 exf4 13. Bxf4 Qb6 14. Qc1 Rad8 15.
Na3 d5 16. e5 Nh7 17. d4 c4 18. Rb1 Qe6 19. Qe1 a6 20. Qg3 Nc6 21. Rbe1 Rc8 22.
Bb1 Bxa3 23. bxa3 Ne7 24. Nh4 b5 25. Bc1 Ra8 26. Nf5 Ng6 27. Nd6 Ne7 28. Rf3 g6
29. Bxh6 Rfd8 30. Nxf7 Rf8 31. Bxf8 Rxf8 32. Nh6+ Kg7 33. Rxf8 Nxf8 34. Rf1
Kxh6 35. Rxf8 Kg7 36. Rf6 Qg8 37. Bxg6 1-0

[Event "12th ChessMates International, York"]
[Site "York Guildhall"]
[Date "2025.03.22"]
[Round "3.37"]
[White "Alfano, Emilie"]
[Black "Koppenens, Oscar"]
[Result "1/2-1/2"]
[WhiteElo "2141"]
[BlackElo "1986"]
[PlyCount "70"]
[EventDate "2025.??.??"]
[WhiteTeam "Monaco"]
[BlackTeam "Rotterdamse Schaakbond"]
[WhiteTeamCountry "MNC"]

1. e4 c5 2. Nf3 e6 3. g3 d5 4. exd5 exd5 5. d4 cxd4 6. Nxd4 Nc6 7. Bg2 Bc5 8.
Nb3 Nge7 9. Nxc5 Qa5+ 10. Nc3 Qxc5 11. Nxd5 Nxd5 12. Qxd5 Qxd5 13. Bxd5 Nb4 14.
Bb3 Bf5 15. Ba4+ Ke7 16. c3 Nc2+ 17. Bxc2 Bxc2 18. O-O Kf6 19. Be3 Kf5 20. Bd4
f6 21. Rfe1 Rhe8 22. f3 Ba4 23. Kf2 a6 24. b3 Bc6 25. Bb6 Rxe1 26. Rxe1 Re8 27.
Rd1 h5 28. a4 g5 29. c4 g4 30. f4 Bf3 31. Rd2 h4 32. Bd4 hxg3+ 33. hxg3 Rh8 34.
Ke3 Rh3 35. Kf2 Rh2+ 1/2-1/2

[Event "12th ChessMates International, York"]
[Site "York Guildhall"]
[Date "2025.03.22"]
[Round "3.38"]
[White "Yantur, Arda"]
[Black "De Martino, Daniele"]
[Result "0-1"]
[WhiteElo "1811"]
[BlackElo "1876"]
[PlyCount "46"]
[EventDate "2025.??.??"]
[WhiteTeam "Rotterdamse Schaakbond"]
[BlackTeam "Monaco"]
[BlackTeamCountry "MNC"]

1. e4 e6 2. d4 d5 3. exd5 exd5 4. Nf3 Bg4 5. Be2 Nc6 6. Be3 Bd6 7. Nbd2 Nge7 8.
c3 O-O 9. h3 Bxf3 10. Nxf3 Ng6 11. Qc2 Nce7 12. h4 Nf4 13. Bf1 h6 14. Qd2 Ne6
15. Bd3 Qd7 16. g4 f5 17. Bxh6 gxh6 18. Qxh6 Nf4 19. Bxf5 Nxf5 20. gxf5 Qe7+
21. Kf1 Qe2+ 22. Kg1 Qxf3 23. Qg5+ Kf7 0-1

[Event "12th ChessMates International, York"]
[Site "York Guildhall"]
[Date "2025.03.22"]
[Round "4.1"]
[White "Badacsonyi, Stanley"]
[Black "Van Batenburg, Mees"]
[Result "1/2-1/2"]
[WhiteElo "2334"]
[BlackElo "2228"]
[PlyCount "77"]
[EventDate "2025.??.??"]
[WhiteTeam "England"]
[BlackTeam "Rotterdamse Schaakbond"]
[WhiteTeamCountry "ENG"]

1. d4 e6 2. c4 Nf6 3. Nc3 Bb4 4. e3 e5 5. dxe5 Ne4 6. Nge2 Nc6 7. Qc2 d5 8. a3
Bxc3+ 9. Nxc3 Nxc3 10. Qxc3 O-O 11. b4 Re8 12. Bb2 Nxe5 13. O-O-O f6 14. cxd5
a5 15. bxa5 b6 16. a6 Bxa6 17. Bxa6 Rxa6 18. d6 cxd6 19. Qb3+ Kh8 20. Rd4 Qd7
21. Kb1 b5 22. Rd5 Nc4 23. Qxb5 Qxb5 24. Rxb5 Nxa3+ 25. Bxa3 Rxa3 26. Kb2 Rea8
27. Rb8+ Rxb8+ 28. Kxa3 Kg8 29. Rd1 Rb6 30. Rd2 Kf7 31. Rb2 Ra6+ 32. Kb3 Ke6
33. Kc3 h5 34. Kd3 d5 35. g3 g5 36. Ke2 Ra4 37. Rb6+ Ke5 38. Kf3 h4 39. Kg2
1/2-1/2

[Event "12th ChessMates International, York"]
[Site "York Guildhall"]
[Date "2025.03.22"]
[Round "4.2"]
[White "Aarts, Joaquin"]
[Black "Dasgupta, Avyukt"]
[Result "1-0"]
[WhiteElo "1983"]
[BlackElo "2156"]
[PlyCount "151"]
[EventDate "2025.??.??"]
[WhiteTeam "Rotterdamse Schaakbond"]
[BlackTeam "England"]
[BlackTeamCountry "ENG"]

1. d4 Nf6 2. c4 e6 3. Nc3 Bb4 4. e3 b6 5. Nge2 Bb7 6. a3 Bxc3+ 7. Nxc3 d6 8.
Bd3 Qe7 9. O-O c5 10. d5 Nbd7 11. e4 e5 12. g3 h6 13. h4 g6 14. Kg2 Kf8 15. Be3
Kg7 16. f3 Rhf8 17. Qc2 Ng8 18. Kf2 Bc8 19. Ke1 Ndf6 20. Kd1 Bh3 21. Rh1 Bd7
22. b4 a5 23. bxc5 bxc5 24. g4 Rfb8 25. Ke2 Rb7 26. Rab1 Rab8 27. Bf2 Qd8 28.
Rxb7 Rxb7 29. Rb1 Rxb1 30. Qxb1 Qc7 31. Be1 Ne7 32. Qb3 Qa7 33. Nb5 a4 34. Nxa7
axb3 35. Nb5 Nc8 36. Nc3 Nb6 37. Kd2 Na4 38. Kc1 b2+ 39. Kb1 Ne8 40. Bc2 Nb6
41. Bb3 f5 42. gxf5 gxf5 43. Kxb2 Nc7 44. a4 Na6 45. Nb5 fxe4 46. fxe4 Nc8 47.
a5 Kg6 48. Bd1 h5 49. Kb3 Bg4 50. Bxg4 hxg4 51. Bg3 Kf6 52. Be1 Kg6 53. Ka4 Kh5
54. Nc3 Na7 55. Nb5 Nc8 56. Na3 Na7 57. Nc2 Kg6 58. Bg3 Kh5 59. Kb3 Nc8 60. Kc3
Ne7 61. Ne3 Nc8 62. Nf5 Nb4 63. Kb3 Nd3 64. a6 Nb4 65. Nxd6 Na7 66. Nb5 Nc8 67.
a7 Nb6 68. Nc7 Nd3 69. a8=Q Nc1+ 70. Kc2 Nxa8 71. Nxa8 Ne2 72. Bxe5 g3 73. Bxg3
Nxg3 74. d6 Ne2 75. Kd3 Kxh4 76. Kxe2 1-0

[Event "12th ChessMates International, York"]
[Site "York Guildhall"]
[Date "2025.03.22"]
[Round "4.3"]
[White "Pereslavtsev, Alexandr"]
[Black "Wink, Luka"]
[Result "0-1"]
[WhiteElo "2095"]
[BlackElo "2147"]
[PlyCount "92"]
[EventDate "2025.??.??"]
[WhiteTeam "England"]
[BlackTeam "Rotterdamse Schaakbond"]
[WhiteTeamCountry "ENG"]

1. d4 Nf6 2. c4 e6 3. Nf3 c5 4. d5 exd5 5. cxd5 d6 6. Nc3 g6 7. Nd2 Nbd7 8. Nc4
Nb6 9. e3 Bg7 10. Be2 O-O 11. O-O Nxc4 12. Bxc4 Re8 13. f3 a6 14. a4 Bd7 15. e4
Rb8 16. a5 Bc8 17. Qe2 b5 18. axb6 Qxb6 19. Bd2 Nd7 20. Rfb1 Ra8 21. Bb5 Re7
22. Bc6 Rb8 23. Bxd7 Rxd7 24. f4 Re7 25. Qc4 Qb4 26. Ra4 Qxc4 27. Rxc4 Bd4+ 28.
Kh1 Bd7 29. e5 Bf5 30. exd6 Rd7 31. Rd1 Bc2 32. Rc1 Bb3 33. Rxd4 cxd4 34. Ne4
Kg7 35. Rc7 Rdd8 36. Rc5 Rb5 37. Rxb5 axb5 38. Ba5 Ra8 39. Nc5 Rxa5 40. Nxb3
Ra6 41. Kg1 Rxd6 42. Nxd4 Rxd5 43. Nf3 Rd1+ 44. Kf2 Rb1 45. g4 Rxb2+ 46. Ke3 b4
0-1

[Event "12th ChessMates International, York"]
[Site "York Guildhall"]
[Date "2025.03.22"]
[Round "4.4"]
[White "Lopes, Samuel"]
[Black "Patel, Keatan"]
[Result "1/2-1/2"]
[WhiteElo "2026"]
[BlackElo "1985"]
[PlyCount "40"]
[EventDate "2025.??.??"]
[WhiteTeam "Rotterdamse Schaakbond"]
[BlackTeam "England"]
[BlackTeamCountry "ENG"]

1. e4 e5 2. Nf3 Nc6 3. Bb5 a6 4. Ba4 Nf6 5. O-O Be7 6. Re1 b5 7. Bb3 d6 8. c3
O-O 9. h3 Nb8 10. d4 Nbd7 11. Bc2 Bb7 12. Nbd2 Re8 13. Nf1 Bf8 14. Ng3 g6 15.
d5 c6 16. dxc6 Bxc6 17. Be3 Qc7 18. Qe2 d5 19. Nd2 Bg7 20. Rad1 Rad8 1/2-1/2

[Event "12th ChessMates International, York"]
[Site "York Guildhall"]
[Date "2025.03.22"]
[Round "4.5"]
[White "Marsden, Samuel"]
[Black "Terlouw, Wouter"]
[Result "1/2-1/2"]
[WhiteElo "2049"]
[BlackElo "2092"]
[PlyCount "69"]
[EventDate "2025.??.??"]
[WhiteTeam "England"]
[BlackTeam "Rotterdamse Schaakbond"]
[WhiteTeamCountry "ENG"]

1. e4 c5 2. Nc3 Nc6 3. Bb5 Nd4 4. Nf3 a6 5. Bd3 Nc6 6. b3 g6 7. Bb2 Bg7 8. Qe2
d6 9. O-O e6 10. Nd1 e5 11. Ne3 Nge7 12. Bc4 b5 13. Bd5 Nxd5 14. Nxd5 Ne7 15.
Nxe7 Qxe7 16. c3 f5 17. d4 exd4 18. cxd4 fxe4 19. dxc5 d5 20. Bxg7 Qxg7 21. Qe3
O-O 22. Nd4 Bf5 23. Rac1 Qe5 24. c6 Rac8 25. Rc5 Rc7 26. Rfc1 Rd8 27. Qg3 Qxg3
28. hxg3 Kf7 29. a4 bxa4 30. bxa4 Kf6 31. Ra5 Ke5 32. Ne2 Bg4 33. Kf1 Bxe2+ 34.
Kxe2 Rb8 35. Rcc5 1/2-1/2

[Event "12th ChessMates International, York"]
[Site "York Guildhall"]
[Date "2025.03.22"]
[Round "4.6"]
[White "Westerhof, Fleur"]
[Black "Welling, Zac"]
[Result "1/2-1/2"]
[WhiteElo "1957"]
[BlackElo "1976"]
[PlyCount "64"]
[EventDate "2025.??.??"]
[WhiteTeam "Rotterdamse Schaakbond"]
[BlackTeam "England"]
[BlackTeamCountry "ENG"]

1. e4 c6 2. d4 d5 3. Nc3 dxe4 4. Nxe4 Nd7 5. c3 Ngf6 6. Bd3 Nxe4 7. Bxe4 Nf6 8.
Bc2 Bg4 9. f3 Bh5 10. Ne2 Bg6 11. Bxg6 hxg6 12. Qb3 Qb6 13. Qxb6 axb6 14. Bf4
e6 15. Kd2 Rh5 16. a3 b5 17. Ng3 Rd5 18. Kc2 Nd7 19. Nf1 b4 20. Ne3 Rda5 21.
Nc4 R5a6 22. Nd6+ Bxd6 23. Bxd6 bxc3 24. bxc3 Ra4 25. Kb3 b5 26. h4 Nb6 27. h5
gxh5 28. Rxh5 f6 29. Bc5 Nc4 30. Rh8+ Kf7 31. Rxa8 Rxa8 32. a4 Nd2+ 1/2-1/2

[Event "12th ChessMates International, York"]
[Site "York Guildhall"]
[Date "2025.03.22"]
[Round "4.7"]
[White "Lebedev, Lion"]
[Black "Koppenens, Oscar"]
[Result "0-1"]
[WhiteElo "2038"]
[BlackElo "1986"]
[PlyCount "48"]
[EventDate "2025.??.??"]
[WhiteTeam "England"]
[BlackTeam "Rotterdamse Schaakbond"]
[WhiteTeamCountry "ENG"]

1. e4 c5 2. Nf3 d6 3. d4 cxd4 4. Nxd4 Nf6 5. Nc3 a6 6. Be3 e6 7. f3 Be7 8. Qd2
Qc7 9. O-O-O Nbd7 10. g4 Ne5 11. g5 Nfd7 12. b3 b5 13. f4 Nc6 14. h4 Bb7 15.
Bh3 Nc5 16. a3 Rc8 17. Rhe1 b4 18. Nd5 exd5 19. Bxc8 Nxd4 20. Kb1 Nf3 21. Qxb4
Bxc8 22. Rf1 Nxe4 23. Rxf3 Nc3+ 24. Kc1 Na2+ 0-1